The Economic Effects of COVID-19 Containment Measures /

Containment measures are crucial to halt the spread of the 2019 COVID-19 pandemic but entail large short-term economic costs. This paper tries to quantify these effects using daily global data on real-time containment measures and indicators of economic activity such as Nitrogen Dioxide (NO2) emissi...

תיאור מלא

מידע ביבליוגרפי
מחבר ראשי: Deb, Pragyan
מחברים אחרים: Furceri, Davide, Ostry, Jonathan, Tawk, Nour
פורמט: כתב-עת
שפה:English
יצא לאור: Washington, D.C. : International Monetary Fund, 2020.
סדרה:IMF Working Papers; Working Paper ; No. 2020/158
גישה מקוונת:Full text available on IMF
LEADER 02279cas a2200277 a 4500
001 AALejournalIMF021095
008 230101c9999 xx r poo 0 0eng d
020 |c 5.00 USD 
020 |z 9781513550251 
022 |a 1018-5941 
040 |a BD-DhAAL  |c BD-DhAAL 
100 1 |a Deb, Pragyan. 
245 1 4 |a The Economic Effects of COVID-19 Containment Measures /  |c Pragyan Deb, Davide Furceri, Jonathan Ostry, Nour Tawk. 
264 1 |a Washington, D.C. :  |b International Monetary Fund,  |c 2020. 
300 |a 1 online resource (44 pages) 
490 1 |a IMF Working Papers 
500 |a <strong>Off-Campus Access:</strong> No User ID or Password Required 
500 |a <strong>On-Campus Access:</strong> No User ID or Password Required 
506 |a Electronic access restricted to authorized BRAC University faculty, staff and students 
520 3 |a Containment measures are crucial to halt the spread of the 2019 COVID-19 pandemic but entail large short-term economic costs. This paper tries to quantify these effects using daily global data on real-time containment measures and indicators of economic activity such as Nitrogen Dioxide (NO2) emissions, flights, energy consumption, maritime trade, and mobility indices. Results suggest that containment measures have had, on average, a very large impact on economic activity-equivalent to a loss of about 15 percent in industrial production over a 30-day period following their implementation. Using novel data on fiscal and monetary policy measures used in response to the crisis, we find that these policy measures were effective in mitigating some of these economic costs. We also find that while workplace closures and stay-at-home orders are more effective in curbing infections, they are associated with the largest economic costs. Finally, while easing of containment measures has led to a pickup in economic activity, the effect has been lower (in absolute value) than that from the tightening of measures. 
538 |a Mode of access: Internet 
700 1 |a Furceri, Davide. 
700 1 |a Ostry, Jonathan. 
700 1 |a Tawk, Nour. 
830 0 |a IMF Working Papers; Working Paper ;  |v No. 2020/158 
856 4 0 |z Full text available on IMF  |u http://elibrary.imf.org/view/journals/001/2020/158/001.2020.issue-158-en.xml  |z IMF e-Library